000 00462nam a2200181 i 4500
001 bg
100 1 _aBELECKIJ, V. V.
245 0 _aSzkice o ruchach ciał niebieskich /
_cV.v. Beleckij.
260 _aWarszawa,
_c1976.
490 1 _aBiblioteka Problemów ;
_vt.223
700 1 _aBielecki, W. W.
830 _aBiblioteka Problemów ;
040 _cBPK
041 _apol
080 _a629.78:521
942 _cKS
008 s pl f |000 0 pol
999 _c26940
_d26940
856 _uhttp://koha.tu.koszalin.pl/cgi-bin/koha/opac-detail.pl?biblionumber=26940
_yKatalog online BPK